| 000 | 00799nam a2200229Ii 4500 | ||
|---|---|---|---|
| 003 | JO-AjNU | ||
| 008 | 230605s9999||||xx |||||||||||||| ||und|| | ||
| 017 | _a2004/8/1867 | ||
| 020 | _a9957-11-418-2 | ||
| 040 |
_aJO-AjNU _bara _erda _cJO-AjNU |
||
| 041 | _aara | ||
| 050 | 1 | 4 | _aTK7887.N2442 2005 |
| 100 | 3 |
_aتاليف النجار، اياد عبدالفتاح؛ تحرير مصلح النجار , _eauthor _938888 |
|
| 245 | 0 | 0 | _aالمرجع الوافي قي صيانة الكمبيوتر |
| 250 | _aط1 | ||
| 264 | 3 | 1 | _aاربد:مركز النجار الثقافي ، 2005 |
| 300 |
_a409ص _bصور توضيحية |
||
| 336 |
_atext _btxt _2rdacontent |
||
| 337 |
_aunmediated _bn _2rdamedia |
||
| 338 |
_avolume _bnc _2rdacarrier |
||
| 650 | 4 |
_aالحواسيب-الصيانة _938889 |
|
| 999 |
_aA16378 _c19946 _d19946 |
||